000 01019nmm a2200289 a 4500
001 ocm000579612
003 TR-IsHL
005 20201028134905.0
008 131203s2008 tu tur
007 cr cn
020 _a9789944905510
035 _a579612
_b(N$T)
050 0 4 _aTN926.İ8
_bS85 2008
090 0 4 _aTN926.İ8
_bS85 2008
245 1 0 _aSultan İkinci Abdülhamid Han'ın Hamidiye menba suları ve çeşmeleri
_h[electronic resource] /
_chaz. Kemal Erkan
260 _aİstanbul :
_bÇamlıca Basım Yayın,
_c2008
300 _a60 p.
650 4 _aMimarlık ve Tasarım
650 4 _aArchitecture and Design
650 0 _aÇeşmeler
_x Türkiye
_x İstanbul
650 0 _aFountains
_x Turkey
_x Istanbul
650 0 _aTermal sular
_x Türkiye
_x İstanbul
650 0 _aThermal waters
_x Turkey
_x Istanbul
650 7 _aARCHITECTURE / Landscape
_2bisacsh
700 1 _aErkan, Kemal
856 4 0 _uhttp://search.ebscohost.com/login.aspx?direct=true&scope=site&db=e011xww&AN=579612
999 _c6444
_d6444